Pixar Movies by Voice Actors - Statistics

General Stats
  • This quiz has been taken 153 times
  • The average score is 9 of 12
Answer Stats
Voice Actors Answer % Correct
Tom Hanks, Tim Allen Toy Story
99%
Ellen DeGeneres, Albert Brooks, Alexander Gould Finding Nemo
91%
Owen Wilson, Larry the Cable Guy Cars
86%
John Goodman, Billy Crystal Monster's Inc.
85%
Craig T. Nelson, Holly Hunter, Samuel L. Jackson The Incredibles
83%
Dave Foley, Kevin Spacey, Hayden Panettiere A Bug's Life
70%
Amy Poehler, Phyllis Smith, Richard Kind Inside Out
70%
Patton Oswalt, Lou Romano, Brad Bird Ratatouille
62%
Kelly Macdonald, Billy Connolly, Emma Thompson Brave
58%
Ed Asner, Jordan Nagai, Pete Docter Up
58%
Ben Burtt, Elissa Knight, Jeff Garlin WALL-E
56%
Raymond Ochoa, Sam Elliot, Jeffrey Wright The Good Dinosaur
51%
No matching quizzes found
Score Distribution
Percent of People with Each Score
Percentile by Number Answered
Your Score History
You have not taken this quiz